000 00432nam a22001817a 4500
003 MPLRDC
005 20220104124732.0
008 210129b ||||| |||| 00| 0 eng d
020 _a7-5057-0397-8
082 _a857.7 CHQ-3
100 _a陈浩泉
245 _a香港九七
_c
250 _a一版一刷
260 _a
_b中国友谊出版公司
_c1991
300 _b
650 _a长篇小说
942 _cBK
_o857.7 CHQ-3
999 _c21738
_d21728